CAD - Softwareentwicklungsmethodik

Bibliographic Details
Main Author: Rugenstein, J. (Author)
Format: Article
Language:German
Slovak
PhysicalDescription:Lit. 3 zázn. v nem.
Subjects:

MARC

LEADER 00000nab a2200000 a 4500
001 vtls000439937
003 SK-MaSNL
005 20260319075256.0
008 150501c1990 xo 0 ger
015 |a SNBRA19rr/mm-uuuuu 
035 |a CL0440065 
040 |a SNKBUCL  |b slo  |c SNKBUCL  |e AACR2 
041 0 |a slo 
044 |a xo  |c SK 
080 |a 658.512.2:681.3.06  |2 1981 
080 |a 681.3.06  |2 1981 
100 1 |a Rugenstein, J.  |4 aut  |9 968902 
245 1 0 |a CAD - Softwareentwicklungsmethodik  |c J. Rugenstein 
300 |b Lit. 3 zázn. v nem. 
650 0 7 |a systémy CAD  |2 snkbucl  |9 535511 
650 0 7 |a softvér  |2 snkbucl  |9 1223 
655 7 |a články zo zborníkov  |2 snkbucl  |9 166140 
773 0 |t Pružná automatizácia  |d Bratislava : Dom techniky ČSVTS, 1990 
850 |a Slovenská národná knižnica v Martine  |a MTA001 
852 |a SNK  |b KIS3GCP 
958 |a RK 
958 |a DE 
992 |a RZB 
999 |c 1549310  |d 1551240